Đang tải...

Sexuality and fertility issues in ill health and disability : from early adolescence to adulthood /

Chi tiết về thư mục
Tác giả khác: Balen, Rachel, 1954-, Crawshaw, Marilyn, 1949-
Định dạng: Printed Book
Ngôn ngữ:English
Được phát hành: London ; Philadelphia : Jessica Kingsley Publishers, 2006.
Những chủ đề:
Truy cập trực tuyến:http://www.loc.gov/catdir/toc/ecip066/2006000753.html
LEADER 01412cam a22003134a 4500
008 060112s2006 enka b 001 0 eng
010 |a  2006000753 
020 |a 9781843103394 (pbk. : alk. paper) 
020 |a 1843103397 (pbk. : alk. paper) 
042 |a pcc 
082 0 0 |a 306.7087 SEX/S  |2 22 
245 0 0 |a Sexuality and fertility issues in ill health and disability :  |b from early adolescence to adulthood /  |c edited by Rachel Balen and Marilyn Crawshaw. 
260 |a London ;  |a Philadelphia :  |b Jessica Kingsley Publishers,  |c 2006. 
300 |a 304 p. :  |b ill. ;  |c 24 cm. 
504 |a Includes bibliographical references (p. 261-287) and indexes. 
650 0 |a Youth with disabilities  |x Sexual behavior. 
650 0 |a Sex (Psychology) 
650 0 |a Sex instruction for people with disabilities. 
650 0 |a Sex instruction for the sick. 
650 0 |a Sex counseling. 
650 0 |a Fertility. 
700 1 |a Balen, Rachel,  |d 1954- 
700 1 |a Crawshaw, Marilyn,  |d 1949- 
856 4 1 |u http://www.loc.gov/catdir/toc/ecip066/2006000753.html 
906 |a 7  |b cbc  |c orignew  |d 1  |e ecip  |f 20  |g y-gencatlg 
942 |2 ddc  |c BK 
955 |a sd21 2006-01-12  |c sd21 2006-01-12 to subj.;  |a aa28 2006-01-18  |a ps04 2007-12-13 1 copy rec'd., to CIP ver. 
999 |c 355177  |d 355177 
952 |0 0  |1 0  |2 ddc  |4 0  |6 306_708700000000000_SEX_S  |7 0  |9 412126  |a PSY  |b PSY  |c ST1  |d 2021-02-17  |l 0  |o 306.7087 SEX/S  |p PSY4461  |r 2021-02-17  |w 2021-02-17  |y BK